| 000 | 00546nam a22001697a 4500 | ||
|---|---|---|---|
| 005 | 20250325104945.0 | ||
| 008 | 250325b |||||||| |||| 00| 0 eng d | ||
| 020 | _a9781647286927 | ||
| 041 | _aEng. | ||
| 082 | _a371.90 MOR | ||
| 100 | _aMorgan, Eva | ||
| 245 | _aInclusion and Equality in Education Strategies Challenges and Innovations | ||
| 260 |
_aUSA _bWillford Press _c2024 |
||
| 300 | _a252;. P. 23 cm | ||
| 650 | _aInclusive Education; Individualized Instruction-; Instructional Systems-Design; Educational Technology | ||
| 942 | _cBK | ||
| 999 |
_c43378 _d43378 |
||